Anagrammes aléatoires des marques automobiles - Statistiques

Statistiques générales
  • Ce quiz a été pris 1 095 fois
  • Le résultat moyen est 9 sur 15
Statistiques - réponses
Réponse % Correct
BMW
95%
Suzuki
95%
Jeep
94%
KTM
94%
Volvo
94%
MG
93%
Kia
92%
Mini
92%
Toyota
92%
MAN
91%
Fiat
87%
GMC
87%
Mazda
86%
Jaguar
85%
Skoda
85%
Lexus
84%
Opel
84%
Audi
83%
Hyundai
83%
Seat
83%
Dacia
82%
Saab
82%
Volkswagen
81%
Lada
80%
Mitsubishi
80%
Yamaha
80%
Citroën
79%
Nissan
79%
Ferrari
78%
Infiniti
78%
Peugeot
78%
Honda
77%
Mercedes-Benz
72%
Dodge
68%
Subaru
68%
Tesla
66%
Bugatti
63%
Kawasaki
61%
Porsche
60%
Lotus
59%
Chrysler
58%
Alfa Romeo
57%
Vespa
57%
Bentley
55%
Lamborghini
55%
Cadillac
51%
Smart
49%
Alpine
48%
Isuzu
48%
McLaren
48%
Renault
45%
Rolls-Royce
45%
Chevrolet
39%
Lincoln
39%
Daewoo
36%
Maserati
34%
Iveco
32%
Acura
31%
Vauxhall
31%
Buick
29%
Land Rover
29%
Lancia
28%
Ducati
24%
Daihatsu
23%
Aston-Martin
22%
Scania
15%
Aprilia
14%
Harley-Davidson
10%
Benelli
1%
Brilliance
0%
Aucun quiz correspondant
Distribution des résultats
% des personnes avec chaque résultat
Percentile par nombre de réponses
Votre historique - résultats
Vous n’avez pas pris ce quiz